| 000 | 00555nam a22001817a 4500 | ||
|---|---|---|---|
| 005 | 20250221143312.0 | ||
| 010 | _a ENG-143730 | ||
| 020 |
_a9789382396284 _c300.00 |
||
| 035 | _aEN-127262 | ||
| 037 | _aDBAD | ||
| 082 |
_a250.2 _21 |
||
| 100 |
_aUma Chakravarti _978455 |
||
| 245 |
_aOn the Social Philosophy of Buddhism: _bFour Essays/ _cby Uma Chakravarti |
||
| 260 |
_aShimla _bIndian Institute of Advanced Study _c2015 |
||
| 270 |
_aRashtrapati Nivas, _bShimla _e171005 |
||
| 300 |
_a87p. _c22cm(Hb) |
||
| 942 |
_2ddc _cEN _mCHA _h250.2 |
||
| 999 |
_c209623 _d209623 |
||